| 000 | 01075nam a22002177a 4500 | ||
|---|---|---|---|
| 999 |
_c57611 _d57611 |
||
| 003 | Ge_BSU | ||
| 005 | 20200813145640.0 | ||
| 008 | 200813s2019 ge ||||| |||| 00| 0 geo d | ||
| 020 | _a 9789941299803 | ||
| 041 | _ageo | ||
| 080 | _a271.2 ღ-53 | ||
| 245 |
_aღვთიური სიბრძნის მართლმადიდებლური ანბანი : _bწ. 3. თ-მ. / _cშემდგ. გ. კალანდაძე, კონს.-რედ. დეკანოზი ლ. მათეშვილი, რედ. თ. მამაცაშვილი. |
||
| 264 |
_aთბილისი : _bპალიტრა L, _c2019. |
||
| 300 |
_a175 გვ. _b20 სმ. |
||
| 653 | _aრელიგია | ||
| 653 | _aქრისტიანობა | ||
| 700 |
_aგ. კალანდაძე, _99223 |
||
| 700 |
_aდეკანოზი მათეშვილი, ლ. _eკონს.-რედაქტორი _99222 |
||
| 700 |
_aმამაცაშვილი, თ. _eრედაქტორი _94410 |
||
| 942 |
_2udc _cBK |
||